Nombre de licences de basket par région - Statistiques

Statistiques générales
  • Ce quiz a été pris 50 fois
  • Le résultat moyen est 3 sur 13
Statistiques - réponses
Hint Réponse % Correct
3e / 76 Auvergne-Rhône-Alpes
50%
13e / 19 Corse
33%
10e / 45 Bourgogne-Franche-Comté
30%
5e / 68 Centre-Val-de-Loire
30%
12e / 41 Ile-de-France
28%
1er / 149 Pays-de-la-Loire
25%
6e / 63 Hauts-de-France
23%
4e / 72 Nouvelle-Aquitaine
23%
2e / 81 Bretagne
20%
7e / 59 Grand Est
18%
9e / 49 Occitanie
18%
11e / 43 Provence-Alpes-Côte-d'Azur
18%
8e / 55 Normandie
15%
Aucun quiz correspondant
Distribution des résultats
% des personnes avec chaque résultat
Percentile par nombre de réponses
Votre historique - résultats
Vous n’avez pas pris ce quiz